00721 2200241 4500001002100000005001500021035002000036007000300056008004100059082001600100245005700116250001200173260006800185300003000253650003700283650002600320700001900346110003400365856001900399020002200418084002200440990001700462INLIS00000000000014720250712033233 a0010-0725000147ta250712 a 0 ind  a398.209 5981 aApa makanan Mereka? /cAll Children Reading Cambodia aPertama aJakarta Timur :bBadan Pengembangan dan Pembinaan Bahasa,c2022 a18hlm. :bilus. ;c21,5cm 4acerita anak indonesia teejemahan 4aliterasi bahan bacaan0 aChhoun Sambath aAll Children Reading Cambodia aTBM AS-SYUHADA a978-623-307-496-4 a398.209 598 ALL a aTBM202400200